| 000 | 00538nam a22001697a 4500 | ||
|---|---|---|---|
| 003 | BD-DhUL | ||
| 005 | 20220123111809.0 | ||
| 008 | 190109s1962 pk ||||| |||| 00| 0 urd d | ||
| 040 |
_aBD-DhUL _cBD-DhUL |
||
| 082 |
_a891.43009 _bABU |
||
| 100 | 0 |
_aعبد العلیم نامی۔ _4 |
|
| 245 | 1 | 0 |
_aاردو ٹھیڑ : _cعبد العلیم نامی _bجلد ۱ / |
| 260 |
_aکراچی : _bانجمن تر قی اردو باکتان، _c۱۹۶۲۔ |
||
| 300 |
_aجلد ۱ ؛ _c۲۴ سم۔ |
||
| 650 | 4 | _aUrdu literature | |
| 942 |
_2ddc _cBK |
||
| 999 |
_c245670 _d245670 |
||